| 000 | 00000nam 2200000za 4500 |
| 001 | 9.843501 |
| 003 | CaOODSP |
| 005 | 20221107152533 |
| 007 | cr ||||||||||| |
| 008 | 170913s1939 onc |oi f|0| 0 eng d |
| 040 | |aCaOODSP|beng |
| 043 | |an-cn--- |
| 086 | 1 |aCS62-D-72/1939E-PDF |
| 245 | 00|aIndex numbers of farm living costs, 1913-1938, and farm living expenditures, 1934 |h[electronic resource]. |
| 260 | |aOttawa : |bDominion Bureau of Statistics, |c1939. |
| 300 | |a37 p. : |bcharts. |
| 500 | |aDigitized edition from print [produced by Statistics Canada]. |
| 520 | |a"The index numbers presented in this bulletin trace the movement of Canadian farm living costs since 1913, and will be followed by a parallel index showing fluctuations in farm operating costs"--p. 5. |
| 692 | 07|2gccst|aFarms |
| 692 | 07|2gccst|aEconomic conditions |
| 710 | 1 |aCanada. |bDominion Bureau of Statistics. |bInternal Trade Branch. |
| 710 | 1 |aCanada. |bDepartment of Trade and Commerce. |
| 856 | 40|qPDF|s6.13 MB|uhttps://publications.gc.ca/collections/collection_2017/statcan/CS62-D-72-1939-eng.pdf |
| 986 | |a62-D-72 |